| 000 | 00402nam a22001217a 4500 | ||
|---|---|---|---|
| 082 | _a220 PRO | ||
| 100 |
_aNC Mohammad Arslan Ishtiaq NC Noman Arshad NC Moeez Tahir PC Eraj Mir _971204 |
||
| 245 | _aPR-SOF-1739-STeMRA | ||
| 260 |
_aISLAMABAD _bNUST COLLEGE OF EME _c2018 |
||
| 650 |
_a DE-COMP-36 DECLASS _971205 |
||
| 700 |
_aPROJECT SUPERVISORS Dr. Shoab A.Khan Dr. Usman Akram _971206 |
||
| 942 | _cCR | ||
| 999 |
_c577852 _d577852 |
||